Shakespeare trajedisi; İngiliz köyü ; Alman halk bilgisi; Alman spor teşkilatı üzerinde bir tetkik ; Spor ve bilim. (Record no. 7423)

MARC details
000 -BAŞLIK
Sabit Uzunlukta Kontrol Alanı 01750na a2200469 4500
001 - KONTROL NUMARASI
Denetim Alanı 16383
003 - KONTROL NUMARASI IDENTIFIER
Denetim Alanı MIRAKIL
005 - SON İŞLEM TARİHİ VE ZAMANI
Denetim Alanı 20181213155138.0
008 - SABİT-BOY VERİ ELEMANLARI - GENEL BİLGİLER
Sabit Uzunlukta Kontrol Alanı 170213b tu 000 0
035 ## - SİSTEM KONTROL NUMARASI
Sistem Kontrol Numarası 16383
040 ## - KATALOGLAMA KAYNAK
Orijinal Kataloglama Ajansı Milas
Kataloglama Dili tur
Metne Dönüştürmek Ajansı TR-AnCHP
041 ## - DİL KODU
Metin / Ses Parça Veya Ayrı Başlığın Dil Kodu tur
082 ## - DEWEY ONLU SINIFLANDIRMA NUMARASI
Sınıflandırma Numarası CHP 324.217207
Ürün Numarası D35s 1939
090 ## - SINIFLAMA NUMARASI
Sınıflama Numarası CHP 324.217207 D35c 1939
100 ## - ANA GİRİŞ - KİŞİSEL İSİM
Kişisel Ad Dengi, Saffet
222 ## - ANAHTAR ADI
Anahtar Başlık Cumhuriyet Halk Partisi Konferansları
245 ## - BAŞLIK TABLOSU
Başlık Shakespeare trajedisi; İngiliz köyü ; Alman halk bilgisi; Alman spor teşkilatı üzerinde bir tetkik ; Spor ve bilim.
Sorumluluk Tablosu, Vb Saffet Dengi; Clemens Möller; Sadi Irmak;
260 ## - YAYIN, DAĞITIM, VB
Yayın, Dağıtım, Vb Yeri [Ankara ]
Yayıncı, Dağıtıcı, Vs Adı CHP
Yayın, Dağıtım, Vb Tarihi 1939
Üretici Firma Recep Ulusoğlu Basımevi
300 ## - FİZİKSEL TANIM
Kapsam 80 s.
Boyutlar 23 sm.
440 ## - SERİSİ TABLOSU / KATMA GİRİŞİ - BAŞLIK
Başlık C.H.P.
Bir İşin Parçası / Bölümün İsmi Konferanslar serisi
Hacim / Ardışık Tanımı 7
500 ## - GENEL NOT
Genel Not Yapıt, yazarların konferans konuşmalarını içermektedir
500 ## - GENEL NOT
Genel Not Halk Evlerinde verilen konferans metinleridir.
505 ## - BİÇİMLENDİRİLDİ İÇİNDEKİLER NOT
Biçimlendirilmiş İçeriği Dikkat Shakespeare trajedisi; İngiliz köyü/ Saffet Dengi ; Alman halk bilgisi/ Clemens Möller; Alman spor teşkilatı üzerinde bir tetkik ; Spor ve bilim/ Sadi Irmak
600 ## - KONU KATMA GİRİŞ - KURUMSAL ADI
Kişisel Ad Shakespeare, William
Bir Adıyla İlişkilendirilen Tarihler 1564-1616
610 ## - KONU KATMA GİRİŞ - TOPLANTI ADI
Giriş Elemanı Olarak Kurumsal Ad Veya Yargı Alanı Adı Cumhuriyet Halk Partisi (CHP)
Genel Alt Bölüm Konferanslar ve seminerler
610 ## - KONU KATMA GİRİŞ - TOPLANTI ADI
Giriş Elemanı Olarak Kurumsal Ad Veya Yargı Alanı Adı Halkevleri
650 ## - KONU KATMA GİRİŞ - TOPİKAL DÖNEM
Topikal Süreli Veya Coğrafi Ad Giriş Elemanı İngiliz edebiyatı
Genel Alt Bölümü Tiyatro
650 ## - KONU KATMA GİRİŞ - TOPİKAL DÖNEM
Topikal Süreli Veya Coğrafi Ad Giriş Elemanı İngiliz dili ve Edebiyatı
650 ## - KONU KATMA GİRİŞ - TOPİKAL DÖNEM
Topikal Süreli Veya Coğrafi Ad Giriş Elemanı Halk bilim
Genel Alt Bölümü Almanlar
650 ## - KONU KATMA GİRİŞ - TOPİKAL DÖNEM
Topikal Süreli Veya Coğrafi Ad Giriş Elemanı Spor bilimleri
700 ## - KATMA GİRİŞ - KİŞİSEL İSİM
Kişisel Ad Möller, Clemens
700 ## - KATMA GİRİŞ - KİŞİSEL İSİM
Kişisel Ad Irmak, Sadi
740 ## - KATMA GİRİŞ - KONTROLSUZ İLGİLİ / ANALİTİK BAŞLIK
Kontrol Edilmeyen / İlgili Analitik Başlıktaki Shakespeare trajedisi
740 ## - KATMA GİRİŞ - KONTROLSUZ İLGİLİ / ANALİTİK BAŞLIK
Kontrol Edilmeyen / İlgili Analitik Başlıktaki İngiliz köyü
740 ## - KATMA GİRİŞ - KONTROLSUZ İLGİLİ / ANALİTİK BAŞLIK
Kontrol Edilmeyen / İlgili Analitik Başlıktaki Alman spor teşkilatı üzerinde bir tetkik
740 ## - KATMA GİRİŞ - KONTROLSUZ İLGİLİ / ANALİTİK BAŞLIK
Kontrol Edilmeyen / İlgili Analitik Başlıktaki Alman halk bilgisi
740 ## - KATMA GİRİŞ - KONTROLSUZ İLGİLİ / ANALİTİK BAŞLIK
Kontrol Edilmeyen / İlgili Analitik Başlıktaki Spor ve bilim
830 ## - SERİSİ EKLENDİ GİRİŞ - ÜNİFORM ADI
Üniforma Başlık CHP Yayınları
942 ## - EKLENDİ GİRİŞ ELEMANLARI (KOHA)
Sınıflandırma Veya Raf Düzeni Kaynak Dewey Decimal Classification
Koha Öğesi Türü Books
999 ## - SİSTEM KONTROL NUMARALARI (KOHA)
Koha Biblionumber 7423
Koha Biblioitemnumber 7423
657 ## - INDEX SÜRE - İŞLEVİ
-- CHP konferansları
657 ## - INDEX SÜRE - İŞLEVİ
-- Halk Evleri
Holdings
Kalıcı Konum Mevcut Konum Edinme Tarihi Edinim Kaynak Toplam Check-Out'Lar Tam Çağrı Numarası Barkod Tarih Son Görülme Kopya Sayısı İtibaren Geçerli Fiyatlar Koha Öğesi Türü
CHP Kütüphanesi CHP Kütüphanesi 10/04/2016 Bağış   CHP 324.217207 D35c 1939 004369 10/04/2016 k.2 10/04/2016 Books
CHP Kütüphanesi CHP Kütüphanesi 10/04/2016 Bağış   CHP 324.217207 D35c 1939 004370 10/04/2016   10/04/2016 Books